[Event "Titled Tuesday intern op 27th Feb Late"]
[Site "Chess.com INT"]
[Date "2024.02.27"]
[Round "9"]
[White "Buenafe Moya, Javier"]
[Black "Voege, Tobias"]
[Result "0-1"]
[WhiteElo "2136"]
[BlackElo "2286"]
[PlyCount "112"]
[EventDate "2024.02.27"]
[EventType "swiss (blitz)"]
[EventRounds "11"]
[EventCountry "USA"]
[SourceTitle "CB10_2024"]
[SourceDate "2024.03.06"]
[SourceVersion "1"]
[SourceVersionDate "2024.03.06"]
[SourceQuality "1"]

1. c4 e5 2. Nc3 Nf6 3. Nf3 Nc6 4. e4 g6 5. d4 exd4 6. Nxd4 Bg7 7. Be3 0-0 8. f3 d6 9. Be2 a5 10. Nc2 Nd7 11. 0-0 Nc5 12. Qd2 f5 13. exf5 Bxf5 14. Nd4 Nxd4 15. Bxd4 Bxd4+ 16. Qxd4 Qf6 17. Qd2 Rfe8 18. Rae1 Re5 19. Nd5 Qf7 20. f4 Ree8 21. Qc3 Ne4 22. Qd4 c6 23. Nb6 Ra6 24. Bf3 c5 25. Qd5 Rxb6 26. Bxe4 Rxe4 27. Rxe4 Qxd5 28. Re8+ Kf7 29. cxd5 Kxe8 30. b3 a4 31. bxa4 Rb2 32. g3 Rxa2 33. Rf3 Ra1+ 34. Kf2 Ra2+ 35. Ke1 Rxa4 36. Rb3 Rb4 37. Ra3 h5 38. Ra8+ Ke7 39. Rg8 b5 40. Rg7+ Kf6 41. Rb7 Re4+ 42. Kf2 b4 43. Rb6 Ke7 44. Rb7+ Bd7 45. Kf3 Rd4 46. f5 gxf5 47. h3 Rxd5 48. Kf4 Rd3 49. h4 Ke6 50. Kg5 Rxg3+ 51. Kxh5 Be8+ 52. Kh6 f4 53. h5 f3 54. Kh7 Bxh5 55. Kh8 f2 56. Rh7 Bg6 0-1

[Event "Titled Tuesday intern op 27th Feb Late"]
[Site "Chess.com INT"]
[Date "2024.02.27"]
[Round "2"]
[White "Erigaisi, Arjun Kumar"]
[Black "Voege, Tobias"]
[Result "1-0"]
[WhiteElo "2738"]
[BlackElo "2286"]
[PlyCount "112"]
[EventDate "2024.02.27"]
[EventType "swiss (blitz)"]
[EventRounds "11"]
[EventCountry "USA"]
[SourceTitle "CB10_2024"]
[SourceDate "2024.03.06"]
[SourceVersion "1"]
[SourceVersionDate "2024.03.06"]
[SourceQuality "1"]

1. c4 c5 2. b3 g6 3. Bb2 Nf6 4. g3 Bg7 5. Bg2 0-0 6. Nf3 Nc6 7. 0-0 d6 8. d4 cxd4 9. Nxd4 Nxd4 10. Qxd4 Ne8 11. Qd2 a6 12. Nc3 Rb8 13. Rfd1 Bd7 14. c5 Bc6 15. cxd6 Nxd6 16. Bxc6 bxc6 17. Na4 Bxb2 18. Qxb2 Qa5 19. Qd2 Qh5 20. Rac1 Rfc8 21. Rc5 Qh3 22. Qe3 Qd7 23. Re5 Rc7 24. Nc5 Qc8 25. Rxe7 Nf5 26. Rxc7 Qxc7 27. Qc3 Rd8 28. Rxd8+ Qxd8 29. e3 Qd1+ 30. Kg2 Qg4 31. a4 Nh4+ 32. Kf1 Qd1+ 33. Qe1 Qc2 34. gxh4 Qxc5 35. Qd2 a5 36. Qd8+ Kg7 37. Qd4+ Qxd4 38. exd4 Kf6 39. Ke2 Ke6 40. Kd3 Kd5 41. Kc3 c5 42. dxc5 Kxc5 43. h5 gxh5 44. h4 h6 45. f3 f6 46. f4 f5 47. b4+ axb4+ 48. Kb3 Kd4 49. Kxb4 Ke4 50. a5 Kxf4 51. a6 Kg3 52. a7 f4 53. a8Q f3 54. Kc3 Kg4 55. Kd2 Kg3 56. Ke3 Kxh4 1-0

[Event "Titled Tuesday intern op 27th Feb Late"]
[Site "Chess.com INT"]
[Date "2024.02.27"]
[Round "11"]
[White "Przybylski, Wojciech"]
[Black "Voege, Tobias"]
[Result "1/2-1/2"]
[WhiteElo "2308"]
[BlackElo "2286"]
[PlyCount "95"]
[EventDate "2024.02.27"]
[EventType "swiss (blitz)"]
[EventRounds "11"]
[EventCountry "USA"]
[SourceTitle "CB10_2024"]
[SourceDate "2024.03.06"]
[SourceVersion "1"]
[SourceVersionDate "2024.03.06"]
[SourceQuality "1"]

1. e4 c6 2. d4 d5 3. Nc3 dxe4 4. Nxe4 Bf5 5. Ng3 Bg6 6. h4 h6 7. N1e2 Nf6 8. Nf4 Bh7 9. Bc4 e6 10. Qe2 Nd5 11. Ngh5 g6 12. Ng3 Be7 13. h5 g5 14. Nd3 Nd7 15. Bd2 b5 16. Bb3 a5 17. a3 N7f6 18. Ne5 Nf4 19. Qf3 N6d5 20. Nxc6 Qc7 21. Nxe7 Kxe7 22. 0-0 a4 23. Ba2 Qxc2 24. Bxf4 gxf4 25. Bxd5 exd5 26. Rfe1+ Be4 27. Nxe4 dxe4 28. Rxe4+ Kf8 29. Re2 Qc8 30. Qxf4 Ra6 31. Rae1 Qc6 32. Re8+ Kg7 33. Qe5+ Qf6 34. Qg3+ Qg5 35. Qb8 Rxe8 36. Rxe8 Qxh5 37. Rg8+ Kh7 38. Rh8+ Kg6 39. Qg8+ Kf6 40. Qd8+ Kg6 41. Rg8+ Kh7 42. Rh8+ Kg6 43. Rg8+ Kh7 44. Qf8 Qd1+ 45. Kh2 Qh5+ 46. Kg1 Qd1+ 47. Kh2 Qh5+ 48. Kg1 1/2-1/2

[Event "Titled Tuesday intern op 27th Feb Late"]
[Site "Chess.com INT"]
[Date "2024.02.27"]
[Round "4"]
[White "Voege, Tobias"]
[Black "Yedidia, Jonathan"]
[Result "1-0"]
[WhiteElo "2286"]
[BlackElo "2361"]
[PlyCount "99"]
[EventDate "2024.02.27"]
[EventType "swiss (blitz)"]
[EventRounds "11"]
[EventCountry "USA"]
[SourceTitle "CB10_2024"]
[SourceDate "2024.03.06"]
[SourceVersion "1"]
[SourceVersionDate "2024.03.06"]
[SourceQuality "1"]

1. e4 e5 2. Nf3 Nf6 3. Nxe5 Nxe4 4. Qe2 Qe7 5. Qxe4 d6 6. d4 dxe5 7. Qxe5 Qxe5+ 8. dxe5 Nc6 9. f4 Bf5 10. c3 0-0-0 11. Be3 g5 12. g3 gxf4 13. gxf4 Bh6 14. Kf2 Ne7 15. Bc4 Ng6 16. Kf3 Rhf8 17. Rf1 f6 18. e6 Rfe8 19. Na3 Bxe6 20. Rad1 Nh4+ 21. Kf2 Bg4 22. Rxd8+ Rxd8 23. Rg1 f5 24. h3 Bh5 25. Nb5 a6 26. Nd4 Ng6 27. Nxf5 Bxf4 28. Bxf4 Nxf4 29. Rg8 Rxg8 30. Bxg8 Nxh3+ 31. Kg3 Ng1 32. Bxh7 Ne2+ 33. Kf2 Nf4 34. Ke3 Ne6 35. Ng3 Bd1 36. Bf5 Kd7 37. Ke4 Kd6 38. Ke3 Nc5 39. Kd2 Bf3 40. Ke3 Bc6 41. b4 Nd7 42. Kd4 b6 43. c4 Ba4 44. a3 c5+ 45. Kc3 cxb4+ 46. axb4 Bc6 47. Bg4 a5 48. Bxd7 Bxd7 49. b5 Kc5 50. Ne4# 1-0

[Event "Bundesliga 2324"]
[Site "Germany"]
[Date "2024.02.24"]
[Round "10.8"]
[White "Voege, Tobias"]
[Black "Pajeken, Jakob Leon"]
[Result "1/2-1/2"]
[WhiteElo "2277"]
[BlackElo "2416"]
[PlyCount "53"]
[EventDate "2023.10.21"]
[EventType "team-tourn"]
[EventRounds "15"]
[EventCountry "GER"]
[SourceTitle "CB09_2024"]
[SourceDate "2024.02.28"]
[SourceVersion "1"]
[SourceVersionDate "2024.02.28"]
[SourceQuality "1"]
[WhiteTeam "Lister Turm"]
[BlackTeam "Kiel Turm"]
[WhiteTeamCountry "GER"]
[BlackTeamCountry "GER"]

1. d4 Nf6 2. c4 e6 3. Nf3 b6 4. a3 Bb7 5. Bf4 d5 6. cxd5 exd5 7. Nc3 Bd6 8. Bg5 0-0 9. e3 h6 10. Bh4 Nbd7 11. Bd3 a6 12. 0-0 Re8 13. Rc1 Qe7 14. Bb1 Qe6 15. Ba2 Qf5 16. Ne2 Ne4 17. Nd2 Ndf6 18. Nxe4 Nxe4 19. Ng3 Nxg3 20. Bxg3 Bxg3 21. hxg3 Rac8 22. b4 c6 23. Bb1 Qg5 24. Rc3 g6 25. Qf3 Re6 26. Qf4 Kg7 27. Qxg5 1/2-1/2

[Event "Bundesliga 2324"]
[Site "Germany"]
[Date "2024.02.23"]
[Round "9.7"]
[White "Tischbierek, Raj"]
[Black "Voege, Tobias"]
[Result "1-0"]
[WhiteElo "2423"]
[BlackElo "2277"]
[PlyCount "109"]
[EventDate "2023.10.21"]
[EventType "team-tourn"]
[EventRounds "15"]
[EventCountry "GER"]
[SourceTitle "CB09_2024"]
[SourceDate "2024.02.28"]
[SourceVersion "1"]
[SourceVersionDate "2024.02.28"]
[SourceQuality "1"]
[WhiteTeam "Dresden TU"]
[BlackTeam "Lister Turm"]
[WhiteTeamCountry "GER"]
[BlackTeamCountry "GER"]

1. e4 e6 2. d4 d5 3. Nc3 Nf6 4. e5 Nfd7 5. Nf3 c5 6. dxc5 Nc6 7. Bf4 Bxc5 8. Bd3 f6 9. exf6 Nxf6 10. 0-0 0-0 11. Bg3 Bd7 12. Na4 Be7 13. c4 Nb4 14. Nc3 Nxd3 15. Qxd3 dxc4 16. Qxc4 Rc8 17. Qe2 Nd5 18. Ne5 Nxc3 19. bxc3 Bf6 20. Rfd1 Bxe5 21. Bxe5 Qe8 22. Rab1 Bc6 23. Rb4 Rd8 24. Re1 Rf7 25. Rg4 b5 26. f3 Bd5 27. Qf2 Qc6 28. Bd4 Rdd7 29. h3 Bc4 30. Re5 Rd5 31. Qg3 Rxe5 32. Bxe5 Qb7 33. a3 Bd3 34. Rd4 Rd7 35. Bxg7 Bg6 36. Rxd7 Qxd7 37. Bd4 Qd5 38. Qb8+ Kf7 39. Qxa7+ Ke8 40. Qb8+ Kd7 41. Be5 Qc6 42. Kh2 Qc5 43. Kg3 Bd3 44. h4 Bg6 45. Kf4 Bf5 46. g4 Bc2 47. h5 Bd3 48. Qg8 Qxa3 49. Kg5 Qe7+ 50. Kh6 Qe8 51. Qxe8+ Kxe8 52. Kg7 Be2 53. g5 Bxf3 54. g6 h6 55. Kxh6 1-0

[Event "Bundesliga 2324"]
[Site "Germany"]
[Date "2024.02.04"]
[Round "8.2"]
[White "Voege, Tobias"]
[Black "Bacrot, Etienne"]
[Result "1/2-1/2"]
[WhiteElo "2277"]
[BlackElo "2669"]
[PlyCount "93"]
[EventDate "2023.10.21"]
[EventType "team-tourn"]
[EventRounds "15"]
[EventCountry "GER"]
[SourceTitle "CB06_2024"]
[SourceDate "2024.02.07"]
[SourceVersion "1"]
[SourceVersionDate "2024.02.07"]
[SourceQuality "1"]
[WhiteTeam "Lister Turm"]
[BlackTeam "Baden-Baden"]
[WhiteTeamCountry "GER"]
[BlackTeamCountry "GER"]

1. d4 Nf6 2. c4 e6 3. Nf3 Bb4+ 4. Bd2 c5 5. e3 0-0 6. Bd3 Bxd2+ 7. Qxd2 cxd4 8. exd4 b6 9. 0-0 Bb7 10. Qf4 d5 11. Nbd2 dxc4 12. Nxc4 Nc6 13. a3 Ne7 14. Nce5 Qd6 15. Rad1 Rad8 16. Rfe1 h6 17. Qh4 Rc8 18. h3 Rc7 19. Nh2 Qd5 20. f3 Rfc8 21. Qf4 Qd8 22. Bb1 Bc6 23. Rc1 Bb5 24. Rxc7 Rxc7 25. Nhg4 Ned5 26. Qg3 Nxg4 27. Nxg4 Qg5 28. Be4 Qf4 29. Qf2 Rc1 30. Rxc1 Qxc1+ 31. Kh2 Nf4 32. Qh4 Qc7 33. Qg3 Kf8 34. Ne5 g5 35. h4 Qd8 36. hxg5 hxg5 37. Bc6 Bxc6 38. Nxc6 Qf6 39. Qe1 a5 40. Ne5 Kg7 41. Qe4 Nd5 42. g3 Qd8 43. Ng4 Qc8 44. Ne3 Nxe3 45. Qxe3 Qc2+ 46. Kh3 Kg6 47. b3 1/2-1/2

[Event "Niedersachsen-ch"]
[Site "Verden an der Aller"]
[Date "2024.01.05"]
[Round "4"]
[White "Voege, Tobias"]
[Black "Von Mettenheim, Johannes"]
[Result "1/2-1/2"]
[WhiteElo "2283"]
[BlackElo "2284"]
[PlyCount "41"]
[EventDate "2024.01.04"]
[EventType "swiss"]
[EventRounds "7"]
[EventCountry "GER"]
[SourceTitle "CB02_2024"]
[SourceDate "2024.01.10"]
[SourceVersion "1"]
[SourceVersionDate "2024.01.10"]
[SourceQuality "1"]

1. c4 Nf6 2. Nc3 e6 3. d4 Bb4 4. Bd2 0-0 5. e3 d5 6. Rc1 c5 7. Nf3 b6 8. cxd5 exd5 9. Ne5 Be6 10. Bd3 Nfd7 11. 0-0 Nxe5 12. dxe5 Nc6 13. a3 Bxc3 14. Bxc3 d4 15. exd4 cxd4 16. Bd2 Nxe5 17. Be4 Bd5 18. Bxh7+ Kxh7 19. Qh5+ Kg8 20. Qxe5 Re8 21. Qxd4 1/2-1/2

[Event "Niedersachsen-ch"]
[Site "Verden an der Aller"]
[Date "2024.01.04"]
[Round "2"]
[White "Voege, Tobias"]
[Black "Nechitailo, Nikita"]
[Result "0-1"]
[WhiteElo "2283"]
[BlackElo "2221"]
[PlyCount "92"]
[EventDate "2024.01.04"]
[EventType "swiss"]
[EventRounds "7"]
[EventCountry "GER"]
[SourceTitle "CB02_2024"]
[SourceDate "2024.01.10"]
[SourceVersion "1"]
[SourceVersionDate "2024.01.10"]
[SourceQuality "1"]

1. d4 Nf6 2. c4 e6 3. Nf3 c5 4. d5 d6 5. Nc3 exd5 6. cxd5 g6 7. Nd2 Nbd7 8. e4 Bg7 9. Be2 0-0 10. 0-0 Re8 11. a4 a6 12. Ra3 Rb8 13. a5 Ne5 14. Re1 b5 15. axb6 Rxb6 16. f4 Neg4 17. Nf1 h5 18. Bf3 Nh7 19. Ne2 f5 20. Qc2 Nhf6 21. Bxg4 hxg4 22. Nc3 Nxe4 23. Nxe4 Bd4+ 24. Kh1 fxe4 25. Rxe4 Bf5 26. Rxe8+ Qxe8 27. Qd1 Rb7 28. Be3 Re7 29. Qd2 Qb5 30. Kg1 Bxb2 31. Ra5 Qb3 32. Rxa6 Bd3 33. Ra8+ Kg7 34. Bf2 Re2 35. Qa5 Rxf2 36. Kxf2 Bd4+ 37. Ne3 Qb2+ 38. Kg3 Bxe3 39. Rg8+ Kh6 40. Qe1 Qd4 41. Rf8 Bf5 42. Qf1 c4 43. h3 Qd3 44. Qxd3 cxd3 45. hxg4 d2 46. Rf7 g5 0-1

[Event "Satu Mare Szabo Memorial IM"]
[Site "Satu Mare"]
[Date "2023.08.15"]
[Round "3"]
[White "Voege, Tobias"]
[Black "Sachilaru, Alexandru"]
[Result "1-0"]
[WhiteElo "2257"]
[BlackElo "2219"]
[PlyCount "103"]
[EventDate "2023.08.14"]
[EventType "tourn"]
[EventRounds "9"]
[EventCountry "ROU"]
[SourceTitle "CBM 215 Extra"]
[Source "ChessBase"]
[SourceDate "2023.09.30"]
[SourceVersion "1"]
[SourceVersionDate "2023.09.30"]
[SourceQuality "1"]

1. d4 Nf6 2. Nc3 d5 3. Bf4 a6 4. e3 e6 5. g4 Bd6 6. Bg3 h6 7. Bg2 Nc6 8. f4 Qe7 9. Qf3 Bd7 10. 0-0-0 0-0-0 11. e4 dxe4 12. Nxe4 Nxe4 13. Qxe4 f5 14. gxf5 exf5 15. Qd3 Rde8 16. Nf3 Nb4 17. Qb3 Be6 18. c4 b5 19. d5 bxc4 20. Qxc4 Bd7 21. Rhe1 Bb5 22. Qb3 Qd7 23. Ne5 Ba4 24. Qc4 Qb5 25. Bf1 Qxc4+ 26. Bxc4 Bxd1 27. Rxd1 g5 28. Nf7 Rh7 29. Nxd6+ cxd6 30. a3 Rc7 31. b3 Re3 32. Kd2 Nxd5 33. Bxd5 Rcc3 34. Bc4 d5 35. Bxa6+ Kd8 36. fxg5 hxg5 37. Bf2 Rh3 38. Bf1 Rhf3 39. Bb6+ Kd7 40. Be2 Rh3 41. Bf1 Rhf3 42. Bb5+ Kd6 43. Ba5 Rxb3 44. Bb4+ Kc7 45. Kc2 Rbe3 46. Rxd5 Rf2+ 47. Kd1 Re6 48. Ba5+ Kb7 49. Rd7+ Kb8 50. Bc4 Re5 51. Bc7+ Kc8 52. Rg7 1-0

[Event "Vlissingen op 25th"]
[Site "Vlissingen"]
[Date "2023.08.11"]
[Round "8"]
[White "Voege, Tobias"]
[Black "Kliashtornyi, Arkadii"]
[Result "1-0"]
[WhiteElo "2257"]
[BlackElo "1975"]
[PlyCount "83"]
[EventDate "2023.08.05"]
[EventType "swiss"]
[EventRounds "9"]
[EventCountry "NED"]
[SourceTitle "CBM 215 Extra"]
[Source "ChessBase"]
[SourceDate "2023.09.30"]
[SourceVersion "1"]
[SourceVersionDate "2023.09.30"]
[SourceQuality "1"]

1. d4 d5 2. c4 c6 3. Nc3 Nf6 4. Nf3 a6 5. a4 e6 6. a5 Nbd7 7. c5 e5 8. dxe5 Ng4 9. b4 Ngxe5 10. Nd4 g6 11. e4 Nf6 12. f4 Ned7 13. e5 Ng8 14. Bd3 Bg7 15. 0-0 Ne7 16. Bb1 0-0 17. Ra2 Re8 18. Re2 Nf8 19. h3 Nf5 20. Bxf5 Bxf5 21. Nxf5 gxf5 22. Qd3 Qd7 23. Bb2 Ng6 24. Nb1 Re7 25. g3 Rf8 26. Rfe1 Ree8 27. Nd2 Rd8 28. Nf3 Rfe8 29. Nd4 Ne7 30. Kh2 Rc8 31. h4 h6 32. h5 Rb8 33. Bc3 Ra8 34. e6 fxe6 35. Rxe6 Rad8 36. Rd6 Qc8 37. Rxd8 Qxd8 38. Ne6 Bxc3 39. Nxd8 Bxe1 40. Qe3 Kf8 41. Ne6+ Kf7 42. Nc7 1-0

[Event "Titled Tuesday intern op 25th Jul Late"]
[Site "Chess.com INT"]
[Date "2023.07.25"]
[Round "4"]
[White "Tifferet, Shaked"]
[Black "Voege, Tobias"]
[Result "0-1"]
[WhiteElo "2279"]
[BlackElo "2257"]
[PlyCount "72"]
[EventDate "2023.07.25"]
[EventType "swiss (blitz)"]
[EventRounds "11"]
[EventCountry "USA"]
[SourceTitle "EXT 2024"]
[Source "ChessBase"]
[SourceDate "2023.10.10"]
[SourceVersion "1"]
[SourceVersionDate "2023.10.10"]
[SourceQuality "1"]

1. d4 Nf6 2. c4 g6 3. Nf3 Bg7 4. g3 0-0 5. Bg2 d6 6. 0-0 c6 7. b3 a6 8. Bb2 b5 9. Nbd2 Bb7 10. Qc2 Nbd7 11. a4 b4 12. Rad1 c5 13. d5 e6 14. dxe6 fxe6 15. e4 Qe7 16. Rfe1 Ng4 17. Bxg7 Kxg7 18. h3 Nge5 19. Nxe5 Nxe5 20. f4 Nc6 21. Nf3 Rad8 22. Rd2 Qf6 23. Qd1 e5 24. fxe5 dxe5 25. Rd5 Nd4 26. Nxd4 Bxd5 27. exd5 Qf2+ 28. Kh2 Qxd4 29. Qe2 Rde8 30. Rd1 Rf2 31. Qe1 Qb2 32. Qe4 Ref8 33. Kg1 Re2 34. d6 Rxe4 35. Bxe4 Qf2+ 36. Kh1 Qe2 0-1

[Event "Titled Tuesday intern op 25th Jul Late"]
[Site "Chess.com INT"]
[Date "2023.07.25"]
[Round "5"]
[White "Voege, Tobias"]
[Black "Gatterer, Florian"]
[Result "1-0"]
[WhiteElo "2257"]
[BlackElo "2170"]
[PlyCount "83"]
[EventDate "2023.07.25"]
[EventType "swiss (blitz)"]
[EventRounds "11"]
[EventCountry "USA"]
[SourceTitle "EXT 2024"]
[Source "ChessBase"]
[SourceDate "2023.10.10"]
[SourceVersion "1"]
[SourceVersionDate "2023.10.10"]
[SourceQuality "1"]

1. e4 c5 2. Nf3 e6 3. d4 cxd4 4. Nxd4 Nf6 5. Nc3 Nc6 6. Be3 Bb4 7. f3 d5 8. Bb5 Bd7 9. Bxc6 bxc6 10. e5 Ng8 11. a3 Ba5 12. b4 Bb6 13. Na4 Ne7 14. 0-0 c5 15. Nxc5 Bxc5 16. bxc5 Rc8 17. Rb1 0-0 18. Rb7 Nc6 19. Nxc6 Bxc6 20. Rxa7 Ra8 21. Rxa8 Qxa8 22. Qd3 Rb8 23. Re1 h6 24. Bd2 Qa4 25. Bb4 Qb5 26. Qd4 Qa4 27. c4 dxc4 28. Qxc4 Bd5 29. Qc3 Qc6 30. Qe3 Kh7 31. h4 Rg8 32. Kh2 Ra8 33. Rf1 Rd8 34. g4 Bc4 35. Rf2 Rd3 36. Qf4 Qd7 37. Qxc4 Rd1 38. Qc2+ Kg8 39. Rd2 Rxd2+ 40. Qxd2 Qb5 41. Kg2 Qe2+ 42. Qxe2 1-0

[Event "Titled Tuesday intern op 18th Jul Late"]
[Site "Chess.com INT"]
[Date "2023.07.18"]
[Round "3"]
[White "Tin, Jingyao"]
[Black "Voege, Tobias"]
[Result "1-0"]
[WhiteElo "2573"]
[BlackElo "2257"]
[PlyCount "85"]
[EventDate "2023.07.18"]
[EventType "swiss (blitz)"]
[EventRounds "11"]
[EventCountry "USA"]
[SourceTitle "EXT 2024"]
[Source "ChessBase"]
[SourceDate "2023.10.10"]
[SourceVersion "1"]
[SourceVersionDate "2023.10.10"]
[SourceQuality "1"]

1. e4 c6 2. Nf3 d5 3. d3 Bg4 4. h3 Bh5 5. e5 e6 6. Be2 c5 7. 0-0 Nc6 8. Re1 Nge7 9. Nh4 Bxe2 10. Qxe2 Ng6 11. Nxg6 hxg6 12. c3 Qh4 13. Nd2 Be7 14. a4 Bd8 15. Nb3 c4 16. dxc4 Qxc4 17. Qd1 Bb6 18. a5 Bc7 19. Nd2 Qb5 20. Nf3 Bxa5 21. Bf4 Bb6 22. Rb1 Rd8 23. Ng5 Ne7 24. Be3 Bxe3 25. Rxe3 Nf5 26. Re1 a6 27. Qf3 Rh5 28. Qf4 Qc4 29. Qd2 Qh4 30. Nf3 Qc4 31. Ra1 Rh8 32. Red1 Nh4 33. Nd4 Qc7 34. Qf4 Nf5 35. Nf3 Qc4 36. Qd2 b5 37. Rxa6 b4 38. Ra4 Rb8 39. cxb4 Ke7 40. Rc1 Qb5 41. Ra7+ Rb7 42. Nd4 Nxd4 43. Qxd4 1-0

[Event "Titled Tuesday intern op 18th Jul Late"]
[Site "Chess.com INT"]
[Date "2023.07.18"]
[Round "9"]
[White "Voege, Tobias"]
[Black "Shymanskyi, Oleksandr"]
[Result "1-0"]
[WhiteElo "2257"]
[BlackElo "2276"]
[PlyCount "47"]
[EventDate "2023.07.18"]
[EventType "swiss (blitz)"]
[EventRounds "11"]
[EventCountry "USA"]
[SourceTitle "EXT 2024"]
[Source "ChessBase"]
[SourceDate "2023.10.10"]
[SourceVersion "1"]
[SourceVersionDate "2023.10.10"]
[SourceQuality "1"]

1. e4 d5 2. exd5 Nf6 3. Nc3 Nxd5 4. Nf3 Bg4 5. Be2 Nf4 6. 0-0 Nxe2+ 7. Qxe2 c6 8. d3 e6 9. Bf4 Qf6 10. Bg3 Bxf3 11. gxf3 Qd8 12. f4 Be7 13. f5 exf5 14. Rfe1 Kf8 15. Qe5 Qd7 16. Re2 Bf6 17. Qc5+ Kg8 18. Qxf5 h6 19. Qf3 Kh7 20. Ne4 Be7 21. Qxf7 Rf8 22. Nf6+ Kh8 23. Nxd7 Rxf7 24. Nxb8 1-0

[Event "Titled Tuesday intern op 18th Jul Late"]
[Site "Chess.com INT"]
[Date "2023.07.18"]
[Round "6"]
[White "Voege, Tobias"]
[Black "Van Foreest, Machteld"]
[Result "0-1"]
[WhiteElo "2257"]
[BlackElo "2291"]
[PlyCount "160"]
[EventDate "2023.07.18"]
[EventType "swiss (blitz)"]
[EventRounds "11"]
[EventCountry "USA"]
[SourceTitle "EXT 2024"]
[Source "ChessBase"]
[SourceDate "2023.10.10"]
[SourceVersion "1"]
[SourceVersionDate "2023.10.10"]
[SourceQuality "1"]

1. c4 e6 2. d4 d5 3. Nc3 Nf6 4. Nf3 Be7 5. Bg5 0-0 6. e3 h6 7. Bh4 Ne4 8. Bxe7 Qxe7 9. cxd5 Qb4 10. Qb3 Qxb3 11. axb3 Nxc3 12. bxc3 exd5 13. Be2 Bf5 14. Kd2 Nd7 15. Ra5 c6 16. Rha1 a6 17. c4 Nf6 18. Ne5 Ne4+ 19. Ke1 Rfd8 20. f3 Nc3 21. Bd3 Bxd3 22. Nxd3 dxc4 23. bxc4 b5 24. cxb5 cxb5 25. Rxa6 Rac8 26. Kd2 f5 27. Rb6 Rd5 28. Ra7 Nb1+ 29. Ke2 Rc2+ 30. Kd1 Rxg2 31. Nf4 Nc3+ 32. Kc1 Na2+ 33. Kb1 Nc3+ 34. Ka1 Rxh2 35. Rg6 Rd7 36. Ra8+ Kh7 37. Rga6 Rb7 38. R6a7 Rxa7+ 39. Rxa7 b4 40. Nd3 b3 41. d5 Rd2 42. Nb2 Rxd5 43. Nc4 Rc5 44. Kb2 Rxc4 45. Kxb3 Rc6 46. Ra5 Nd1 47. Rxf5 Nxe3 48. Rf8 Nd5 49. Kb2 Rf6 50. Rd8 Nf4 51. Rd2 Ng6 52. Rd3 Ne5 53. Rd5 Nxf3 54. Kc2 Ng5 55. Kd2 Kg6 56. Ke3 h5 57. Rd8 h4 58. Rh8 h3 59. Rh4 Kf7 60. Ke2 Rh6 61. Rf4+ Kg8 62. Rf1 h2 63. Rh1 Kf7 64. Kf2 Kg6 65. Kg2 Kf5 66. Rf1+ Kg4 67. Kh1 Ne4 68. Rf3 Rc6 69. Re3 Kf4 70. Ra3 g5 71. Kxh2 g4 72. Kg2 Rc2+ 73. Kg1 g3 74. Ra1 Kf3 75. Ra3+ Kg4 76. Ra1 Ng5 77. Kh1 Rh2+ 78. Kg1 Nf3+ 79. Kf1 Rh1+ 80. Ke2 Rxa1 0-1

[Event "Titled Tuesday intern op 18th Jul Late"]
[Site "Chess.com INT"]
[Date "2023.07.18"]
[Round "10"]
[White "Vujacic, Igor"]
[Black "Voege, Tobias"]
[Result "0-1"]
[WhiteElo "2145"]
[BlackElo "2257"]
[PlyCount "84"]
[EventDate "2023.07.18"]
[EventType "swiss (blitz)"]
[EventRounds "11"]
[EventCountry "USA"]
[SourceTitle "EXT 2024"]
[Source "ChessBase"]
[SourceDate "2023.10.10"]
[SourceVersion "1"]
[SourceVersionDate "2023.10.10"]
[SourceQuality "1"]

1. d4 d5 2. Bf4 Nc6 3. e3 Nf6 4. Nd2 Bg4 5. Be2 Bxe2 6. Qxe2 e6 7. Ngf3 Bd6 8. 0-0 0-0 9. c3 Rb8 10. a4 Re8 11. Ne5 Bxe5 12. Bxe5 Nxe5 13. dxe5 Nd7 14. f4 c5 15. e4 d4 16. Nc4 Re7 17. Rad1 dxc3 18. bxc3 Qc7 19. Nd6 a6 20. Rf3 f6 21. exf6 Nxf6 22. Rh3 e5 23. Nf5 Re6 24. Qc4 Rbe8 25. Nh6+ Kh8 26. fxe5 Nxe4 27. Qxe4 gxh6 28. Qf4 Qg7 29. Rd5 Rf8 30. Qe3 b6 31. Rg3 Qe7 32. Rf3 Rg8 33. g3 h5 34. Kh1 h4 35. Rf5 hxg3 36. hxg3 Qg7 37. Kg2 Rg6 38. Rf3 Qe7 39. e6 Rxe6 40. Qd3 Re2+ 41. Rf2 Re3 42. Qd2 Rexg3+ 0-1

[Event "Lugano Paradiso op"]
[Site "Lugano"]
[Date "2023.05.28"]
[Round "4"]
[White "Voege, Tobias"]
[Black "Carre, Sylvain"]
[Result "1-0"]
[WhiteElo "2246"]
[BlackElo "2080"]
[PlyCount "85"]
[EventDate "2023.05.26"]
[EventType "swiss"]
[EventRounds "5"]
[EventCountry "SUI"]
[SourceTitle "CBM 214 Extra"]
[Source "ChessBase"]
[SourceDate "2023.07.31"]
[SourceVersion "1"]
[SourceVersionDate "2023.07.31"]
[SourceQuality "1"]

1. d4 d5 2. c4 c5 3. cxd5 Qxd5 4. Nf3 cxd4 5. Nc3 Qa5 6. Nxd4 Nf6 7. g3 e5 8. Nb3 Qc7 9. Bg2 Bb4 10. 0-0 Bxc3 11. bxc3 0-0 12. Qc2 Be6 13. Rd1 Na6 14. Bg5 Nb4 15. Qb2 Nbd5 16. c4 Ne7 17. Qa3 Nf5 18. Rac1 a5 19. Rd3 Rfc8 20. Bxf6 gxf6 21. e3 Ra7 22. c5 Ne7 23. Nd2 f5 24. Rd6 a4 25. Nf3 Ra5 26. c6 Nxc6 27. Ng5 Qe7 28. Nxe6 fxe6 29. Rcd1 Rc7 30. Qc3 Rb5 31. Qd3 Ra5 32. Bxc6 bxc6 33. Rxe6 Rd5 34. Qxd5 cxd5 35. Rxe7 Rxe7 36. Rxd5 f4 37. Ra5 f3 38. Rxa4 Rc7 39. h4 Rc1+ 40. Kh2 h5 41. g4 Rc2 42. Kg3 hxg4 43. Rxg4+ 1-0

[Event "Lugano Paradiso op"]
[Site "Lugano"]
[Date "2023.05.27"]
[Round "2"]
[White "Voege, Tobias"]
[Black "White, David J"]
[Result "1/2-1/2"]
[WhiteElo "2246"]
[BlackElo "1856"]
[PlyCount "76"]
[EventDate "2023.05.26"]
[EventType "swiss"]
[EventRounds "5"]
[EventCountry "SUI"]
[SourceTitle "CBM 214 Extra"]
[Source "ChessBase"]
[SourceDate "2023.07.31"]
[SourceVersion "1"]
[SourceVersionDate "2023.07.31"]
[SourceQuality "1"]

1. d4 Nf6 2. c4 c5 3. d5 d6 4. Nc3 g6 5. e4 Bg7 6. f4 0-0 7. Nf3 e6 8. Be2 exd5 9. cxd5 a6 10. e5 Ne8 11. 0-0 b5 12. e6 fxe6 13. dxe6 Bxe6 14. Ng5 Bd4+ 15. Kh1 Nc7 16. Nxe6 Nxe6 17. Bf3 Ra7 18. Bd5 Re7 19. Qg4 Rf5 20. Re1 Qe8 21. Qe2 Bxc3 22. Bxe6+ Kg7 23. bxc3 Rf6 24. f5 Rxf5 25. c4 Rxe6 26. Bb2+ Kf7 27. Qd2 Kg8 28. cxb5 axb5 29. Rxe6 Qxe6 30. Qc3 Re5 31. Rf1 Nc6 32. h3 b4 33. Qg3 Nd4 34. Bxd4 cxd4 35. Qf3 Rf5 36. Qa8+ Kg7 37. Rd1 d3 38. Qa7+ Kg8 1/2-1/2